书目信息 |
| 题名: |
数学美文100篇
|
|
| 作者: | 贝兰茨 著 ;吴朝阳, 译 | |
| 分册: | ||
| 出版信息: | 北京 世界知识出版社 2020.05 |
|
| 页数: | 16, 267页 | |
| 开本: | 24cm | |
| 丛书名: | 数学与文化 | |
| 单 册: | ||
| 中图分类: | O1-49 | |
| 科图分类: | ||
| 主题词: | 数学--shu xue--青少年读物 | |
| 电子资源: | ||
| ISBN: | 978-7-5012-6188-8 | |
| 000 | 01256nam 2200313 450 | |
| 001 | 2062735866 | |
| 005 | 20201105172544.43 | |
| 010 | @a978-7-5012-6188-8@dCNY65.00 | |
| 100 | @a20200623d2020 demy0chiy50 ea | |
| 101 | 1 | @achi@cger |
| 102 | @aCN@b110000 | |
| 105 | @aa z 001yy | |
| 200 | 1 | @a数学美文100篇@Ashu xue mei wen 100 pian@f(德) 埃温哈德·贝兰茨著@g吴朝阳译 |
| 210 | @a北京@c世界知识出版社@d2020.05 | |
| 215 | @a16, 267页@c图@d24cm | |
| 225 | 2 | @a数学与文化@Ashu xue yu wen hua |
| 300 | @a智鸟文化 | |
| 306 | @a由施普林格·自然集团授权出版 | |
| 312 | @a德文题名取自封面 | |
| 320 | @a有索引 | |
| 330 | @a本书的内容总共分为100篇, 每篇介绍一个数学话题, 平均每篇阅读时间大约为五分钟。贝兰茨博士凭借巧妙的切入点, 以简短的篇幅, 深入浅出地讲述、剖析一个又一个有趣的与数学紧密相关的问题。简短、易读而又有趣, 这是本书最大的特色, 是它最为成功的地方。 | |
| 410 | 0 | @12001 @a数学与文化 |
| 500 | 10 | @aFunf Minuten Mathematik: 100 Beitrage der Mathematki-Kolumme der Zeitung die Welt@mChinese |
| 606 | 0 | @a数学@Ashu xue@j青少年读物 |
| 690 | @aO1-49@v5 | |
| 701 | 1 | @a贝兰茨@Abei lan ci@g(Behrends, Ehrhard),@f1946-@4著 |
| 702 | 0 | @a吴朝阳,@Awu zhao yang@f1964-@4译 |
| 801 | 0 | @aCN@b人天书店@c20201001 |
| 905 | @aZUCC@dO1-49@eB685 | |
| 数学美文100篇/(德) 埃温哈德·贝兰茨著/吴朝阳译.-北京:世界知识出版社,2020.05 |
| 16, 267页:图;24cm.-(数学与文化) |
| 智鸟文化 |
| ISBN 978-7-5012-6188-8:CNY65.00 |
| 本书的内容总共分为100篇, 每篇介绍一个数学话题, 平均每篇阅读时间大约为五分钟。贝兰茨博士凭借巧妙的切入点, 以简短的篇幅, 深入浅出地讲述、剖析一个又一个有趣的与数学紧密相关的问题。简短、易读而又有趣, 这是本书最大的特色, 是它最为成功的地方。 |
| ● |
| 相关链接 |
|
|
|
正题名:数学美文100篇
索取号:O1-49/B685
 
预约/预借
| 序号 | 登录号 | 条形码 | 馆藏地/架位号 | 状态 | 备注 |
| 1 | 1480201 | 214802016 | 自科库401/401自科库 105排4列3层/ [索取号:O1-49/B685] | 在馆 | |
| 2 | 1480202 | 214802025 | 期刊室512/401自科库 105排4列3层/ [索取号:O1-49/B685] | 在馆 |